Statistiques concernant Retrouvez qui a dit cette réplique (disney/pixar) #10

Cliquez ici pour prendre le quiz!

Statistiques générales

  • Ce quiz a été pris 276 fois
    (135 depuis la dernière actualisation)
  • Le résultat moyen est 6 sur 16

Statistiques - réponses

HintRépliqueRéponse% Correct
6Si je deviens humaine, je ne reverrai plus mon père ni mes soeurs alors.Ariel (La petite sirène)
80%
11Mille tonnerres Mouche ! parce que c'était poli de la part de peter pan de me faire ça à moi ?Capitaine crochet (Peter pan)
73%
3Je ne pourrai me désactiver que si vous me dites : je suis satisfait de mes soins.Baymax (Les nouveaux héros)
58%
5Nos parents ont eu deux filles...Elsa (La reine des neiges 2)
57%
16Les femmes ne sont pas faites pour lire dès qu'elles ont une idée dans la tête c'est l'horreur.Gaston (La belle et la bête)
46%
2Tu voulais sauver la vie de ton père. Tu ignorais que tu le recouvrirais de honte, que tu déshonorais tous tes ancêtres et perdrais tous tes amis.Mushu (Mulan)
45%
1Tu sais dans tout chien qui se respecte y a un chasseur qui sommeille.Clochard (La belle et le clochard)
39%
12Et vous vous êtes maigre pour quelqu'un qui aime la cuisine.Alfredo Linguini (Ratatouille)
35%
8Pleurer ça me fait du bien et ça m'aide à affronter la vie et ses problèmes.Tristesse (Vice Versa)
26%
14J'ai appris 2 choses ce jour la. La première, désormais je ne laisserai plus personne voir que j'ai été blessé.Nick (Zootopie)
23%
7Et ne parlez pas aux jouets que vous ne connaissez pas !Madame Patate (Toy story 2)
19%
9Je suis enchainée au seul chien de la terre qui ne sait pas quémander.Mitaine (Volt)
18%
4Mais quelle surprise ! J'avais bien entendu des nouvelles voix !Lotso (Toy story 3)
10%
13S'il y a quelque chose que tu veux me dire, dis le moi ! Y a t'il une chose que tu aimerais me dire ?Vaiana
9%
15Abby, frappe moi !Mei Mei (Alerte rouge)
7%
10Vers l'infini et barre toi de la !Ducky (Toy story 4)
6%

Distribution des résultats

Percentile par nombre de réponses

% des personnes avec chaque résultat

Votre développement - résultats

Vous n’avez pas pris ce quiz depuis la dernière actualisation